[Event "BCF-chT2 1617 (4NCL) Demotion pool"]
[Site "England"]
[Date "2017.04.29"]
[Round "9.53"]
[White "Galloway, Iain"]
[Black "Adams, David M"]
[Result "1/2-1/2"]
[WhiteElo "2109"]
[BlackElo "2185"]
[PlyCount "71"]
[EventDate "2016.11.19"]
[EventType "team-tourn"]
[EventRounds "11"]
[EventCountry "ENG"]
[SourceTitle "EXT 2019"]
[Source "ChessBase"]
[SourceDate "2018.10.10"]
[SourceVersion "1"]
[SourceVersionDate "2018.10.10"]
[SourceQuality "1"]
[WhiteTeam "Warwicks Select II"]
[BlackTeam "White Rose II"]
[WhiteTeamCountry "ENG"]
[BlackTeamCountry "ENG"]

1. e4 d6 2. Nf3 Nf6 3. d3 g6 4. Be2 Bg7 5. c3 0-0 6. Nbd2 e5 7. Nf1 Nc6 8. Ng3 d5 9. Qc2 a5 10. 0-0 a4 11. Rd1 Qe7 12. Bg5 Qc5 13. Nxe5 dxe4 14. Nxc6 exd3 15. Rxd3 Qxg5 16. Ne7+ Kh8 17. Nxc8 Rfxc8 18. Bf3 c6 19. Rad1 Re8 20. Rd4 Qa5 21. Qd3 a3 22. b3 h6 23. h4 Re7 24. h5 Qg5 25. hxg6 fxg6 26. Rd8+ Rxd8 27. Qxd8+ Re8 28. Qc7 Qe5 29. Qxb7 Qxc3 30. Qxc6 Re1+ 31. Rxe1 Qxe1+ 32. Nf1 Kh7 33. Qc5 Nd7 34. Qxa3 Bd4 35. Kh2 Qe5+ 36. Kg1 1/2-1/2

[Event "Dundee & Angus Major"]
[Site "Dundee"]
[Date "2015.10.11"]
[Round "?"]
[White "Pearston, John M"]
[Black "Adams, David M"]
[Result "1/2-1/2"]
[WhiteElo "1524"]
[BlackElo "1479"]
[PlyCount "100"]
[EventDate "2015.10.09"]
[EventType "swiss"]
[EventRounds "5"]
[EventCountry "SCO"]
[SourceTitle "EXT 2023"]
[Source "ChessBase"]
[SourceDate "2022.10.05"]
[SourceVersion "1"]
[SourceVersionDate "2022.10.05"]
[SourceQuality "1"]

1. d4 Nf6 2. c4 e6 3. Nc3 Bb4 4. Qc2 0-0 5. a3 Bxc3+ 6. Qxc3 b6 7. Nf3 Bb7 8. g3 d6 9. Bg2 Nbd7 10. 0-0 Re8 11. b4 a6 12. Bb2 Qe7 13. Rfe1 Rab8 14. Rad1 Ba8 15. d5 e5 16. Nd2 Rbc8 17. Ne4 Nxe4 18. Bxe4 Nf6 19. Bf5 Rcd8 20. e4 Bb7 21. Bh3 Bc8 22. Bg2 Bg4 23. Ra1 Qd7 24. a4 Ra8 25. b5 a5 26. f3 Bh5 27. Bc1 h6 28. Qd3 Bg6 29. Qf1 Qe7 30. Ra2 Nd7 31. Be3 f5 32. Bc1 Rf8 33. Rf2 Nc5 34. Rd1 fxe4 35. fxe4 Rxf2 36. Qxf2 Nxe4 37. Qc2 Nxg3 38. Qxg6 Ne2+ 39. Kh1 Qh4 40. Qd3 Nd4 41. Bb2 Re8 42. Bxd4 exd4 43. Qg3 Qe7 44. Bh3 Qe4+ 45. Bg2 Qe2 46. Rg1 Re7 47. Bf1 Qe4+ 48. Rg2 Qh7 49. Rg1 Qe4+ 50. Rg2 Qh7 1/2-1/2

[Event "Dundee & Angus Major"]
[Site "Dundee"]
[Date "2015.10.10"]
[Round "4"]
[White "Dawson, Euan"]
[Black "Adams, David M"]
[Result "1/2-1/2"]
[WhiteElo "1322"]
[BlackElo "1479"]
[PlyCount "74"]
[EventDate "2015.10.09"]
[EventType "swiss"]
[EventRounds "5"]
[EventCountry "SCO"]
[SourceTitle "EXT 2023"]
[Source "ChessBase"]
[SourceDate "2022.10.05"]
[SourceVersion "1"]
[SourceVersionDate "2022.10.05"]
[SourceQuality "1"]

1. e4 d5 2. exd5 Qxd5 3. Nc3 Qd6 4. d4 Nf6 5. h3 c6 6. Nf3 Bf5 7. Be3 e6 8. Bd3 Bxd3 9. Qxd3 Nbd7 10. 0-0 Be7 11. a3 0-0 12. Qd2 Qc7 13. Rad1 Rfd8 14. Qc1 a6 15. Rfe1 Re8 16. Bf4 Bd6 17. Bxd6 Qxd6 18. Ne5 Rac8 19. Qf4 Qc7 20. Re3 Rf8 21. Qf3 Rcd8 22. Qe2 Rfe8 23. f4 Nf8 24. g4 Ng6 25. Nxg6 hxg6 26. Qf2 Nd5 27. Nxd5 cxd5 28. Rde1 Qd7 29. Qe2 Kf8 30. Kg2 Rc8 31. c3 b5 32. Kf3 Qd8 33. Rh1 g5 34. fxg5 Qxg5 35. h4 Qd8 36. g5 Ke7 37. Kg3 Kd7 1/2-1/2

[Event "BCF-chT2b 1415 (4NCL)"]
[Site "England"]
[Date "2015.03.28"]
[Round "7.26"]
[White "Berry, Neil"]
[Black "Adams, David M"]
[Result "1-0"]
[WhiteElo "2225"]
[BlackElo "2220"]
[PlyCount "45"]
[EventDate "2014.11.15"]
[EventType "team-tourn"]
[EventRounds "7"]
[EventCountry "ENG"]
[SourceTitle "EXT 2016"]
[Source "ChessBase"]
[SourceDate "2015.10.08"]
[SourceVersion "1"]
[SourceVersionDate "2015.10.08"]
[SourceQuality "1"]
[WhiteTeam "Barbican Youth"]
[BlackTeam "White Rose II"]
[WhiteTeamCountry "ENG"]
[BlackTeamCountry "ENG"]

1. d4 d5 2. c4 Nc6 3. Nf3 Bg4 4. Nc3 Bxf3 5. gxf3 e6 6. Bf4 Bd6 7. Bg3 Nge7 8. e3 dxc4 9. Bxc4 a6 10. Rc1 Nf5 11. d5 Bxg3 12. hxg3 Ne5 13. Be2 Qe7 14. f4 Ng6 15. Qa4+ Kf8 16. dxe6 Rd8 17. g4 Nd6 18. f5 c6 19. fxg6 fxg6 20. Qf4+ Ke8 21. Qe5 Qf6 22. Qxf6 gxf6 23. Na4 1-0

[Event "BCF-chT2b 1415 (4NCL)"]
[Site "England"]
[Date "2015.01.11"]
[Round "4.7"]
[White "Birtwistle, Nigel"]
[Black "Adams, David M"]
[Result "1/2-1/2"]
[WhiteElo "2132"]
[BlackElo "2220"]
[PlyCount "38"]
[EventDate "2014.11.15"]
[EventType "team-tourn"]
[EventRounds "7"]
[EventCountry "ENG"]
[SourceTitle "EXT 2016"]
[Source "ChessBase"]
[SourceDate "2015.10.08"]
[SourceVersion "1"]
[SourceVersionDate "2015.10.08"]
[SourceQuality "1"]
[WhiteTeam "Grantham Sharks II"]
[BlackTeam "White Rose II"]
[WhiteTeamCountry "ENG"]
[BlackTeamCountry "ENG"]

1. Nf3 d6 2. g3 e5 3. Bg2 f5 4. 0-0 Nf6 5. c4 Be7 6. Nc3 0-0 7. d3 c6 8. Rb1 h6 9. c5 Nbd7 10. cxd6 Bxd6 11. b4 Kh7 12. b5 cxb5 13. Nxb5 Bc5 14. d4 exd4 15. Nbxd4 Ne5 16. Nb3 Nxf3+ 17. Bxf3 Bb6 18. Ba3 Qxd1 19. Rbxd1 Re8 1/2-1/2

[Event "BCF-chT2b 1415 (4NCL)"]
[Site "England"]
[Date "2015.01.10"]
[Round "3.18"]
[White "Tunks, Dominic"]
[Black "Adams, David M"]
[Result "0-1"]
[WhiteElo "2061"]
[BlackElo "2220"]
[PlyCount "72"]
[EventDate "2014.11.15"]
[EventType "team-tourn"]
[EventRounds "7"]
[EventCountry "ENG"]
[SourceTitle "EXT 2016"]
[Source "ChessBase"]
[SourceDate "2015.10.08"]
[SourceVersion "1"]
[SourceVersionDate "2015.10.08"]
[SourceQuality "1"]
[WhiteTeam "Wessex"]
[BlackTeam "White Rose II"]
[WhiteTeamCountry "ENG"]
[BlackTeamCountry "ENG"]

1. d4 d6 2. e4 Nf6 3. Nc3 e5 4. dxe5 dxe5 5. Qxd8+ Kxd8 6. Nf3 Bd6 7. Bg5 c6 8. 0-0-0 Ke7 9. Bc4 Bc7 10. Rd3 Nbd7 11. Nh4 h6 12. Nf5+ Kf8 13. Be3 b5 14. Bb3 a5 15. a3 Ng4 16. Rhd1 Nxe3 17. Rxe3 Nc5 18. Ba2 b4 19. Ne2 Nxe4 20. Nxg7 Nf6 21. Nf5 Ng4 22. Neg3 Nxe3 23. fxe3 h5 24. Rf1 Rh7 25. Ne4 Bxf5 26. Rxf5 Ke7 27. Nf6 Rh6 28. Nxh5 f6 29. g4 bxa3 30. bxa3 Bd6 31. a4 Rd8 32. c3 Bc5 33. Rf3 Rd3 34. g5 Rxh5 35. gxf6+ Kd7 36. f7 Rxh2 0-1

[Event "BCF-chT2b 1415 (4NCL)"]
[Site "England"]
[Date "2014.11.15"]
[Round "1.62"]
[White "Ivell, Nicholas W"]
[Black "Adams, David M"]
[Result "1/2-1/2"]
[WhiteElo "2268"]
[BlackElo "2199"]
[PlyCount "30"]
[EventDate "2014.11.15"]
[EventType "team-tourn"]
[EventRounds "7"]
[EventCountry "ENG"]
[SourceTitle "CBM 163 Extra"]
[Source "ChessBase"]
[SourceDate "2014.12.23"]
[SourceVersion "1"]
[SourceVersionDate "2014.12.23"]
[SourceQuality "1"]
[WhiteTeam "Spirit of Atticus"]
[BlackTeam "White Rose II"]
[WhiteTeamCountry "ENG"]
[BlackTeamCountry "ENG"]

1. c4 c6 2. g3 d5 3. Bg2 e5 4. d4 dxc4 5. e3 Be6 6. Ne2 Nf6 7. 0-0 Nbd7 8. Nbc3 Be7 9. f4 exd4 10. Nxd4 Nc5 11. Nxe6 fxe6 12. Qf3 Qb6 13. Qe2 Nd3 14. Bd2 0-0-0 15. b3 cxb3 1/2-1/2

[Event "BCF-chT2d 1314 (4NCL)"]
[Site "England"]
[Date "2014.05.05"]
[Round "11.71"]
[White "Posazhennikov, Alex"]
[Black "Adams, David M"]
[Result "1-0"]
[WhiteElo "2250"]
[BlackElo "2193"]
[PlyCount "55"]
[EventDate "2013.11.16"]
[EventType "team-tourn"]
[EventRounds "11"]
[EventCountry "ENG"]
[SourceTitle "EXT 2015"]
[Source "ChessBase"]
[SourceDate "2014.11.20"]
[SourceVersion "1"]
[SourceVersionDate "2014.11.20"]
[SourceQuality "1"]
[WhiteTeam "Poisoned Pawns"]
[BlackTeam "White Rose II"]
[WhiteTeamCountry "ENG"]
[BlackTeamCountry "ENG"]

1. d4 d6 2. Nf3 Bg4 3. e4 Nd7 4. h3 Bh5 5. Be2 c6 6. c3 e5 7. Be3 Ngf6 8. Nbd2 Be7 9. Nh4 Bg6 10. Nxg6 hxg6 11. Qb3 Qc7 12. 0-0 0-0 13. f4 b5 14. f5 gxf5 15. Rxf5 d5 16. dxe5 Nxe5 17. Bd4 Nc4 18. Bxc4 bxc4 19. Qc2 Rab8 20. b3 cxb3 21. axb3 Rb7 22. Raf1 Rb5 23. e5 Nh7 24. Rh5 g6 25. e6 f5 26. Rh6 Qg3 27. Nf3 Rb7 28. Be5 1-0

[Event "BCF-chT2b 1314 (4NCL)"]
[Site "England"]
[Date "2014.03.22"]
[Round "7.72"]
[White "Lyell, Mark"]
[Black "Adams, David M"]
[Result "1-0"]
[WhiteElo "2186"]
[BlackElo "2212"]
[PlyCount "69"]
[EventDate "2013.11.16"]
[EventType "team-swiss"]
[EventRounds "11"]
[EventCountry "ENG"]
[SourceTitle "EXT 2015"]
[Source "ChessBase"]
[SourceDate "2014.11.20"]
[SourceVersion "1"]
[SourceVersionDate "2014.11.20"]
[SourceQuality "1"]
[WhiteTeam "Hackney"]
[BlackTeam "White Rose II"]
[WhiteTeamCountry "ENG"]
[BlackTeamCountry "ENG"]

1. e4 d6 2. Nc3 e5 3. f4 f5 4. fxe5 dxe5 5. Nf3 Nc6 6. Bb5 Qd6 7. 0-0 Bd7 8. exf5 0-0-0 9. Qe2 Nd4 10. Nxd4 Qxd4+ 11. Kh1 c6 12. Bd3 Nh6 13. Be4 Bc5 14. d3 Nxf5 15. Nd1 Rdf8 16. c3 Qd6 17. b4 Bb6 18. a4 a6 19. Nb2 Ba7 20. Nc4 Qe7 21. b5 Bc5 22. bxc6 bxc6 23. Rb1 Kc7 24. Nxe5 Bd6 25. d4 Nxd4 26. cxd4 Bxe5 27. dxe5 Qxe5 28. Be3 Rxf1+ 29. Rxf1 Qe6 30. Bf5 Qd5 31. Bf4+ Kb7 32. Rb1+ Ka7 33. Be3+ c5 34. Bxd7 Rd8 35. Bg4 1-0

[Event "Dundee & Angus Major"]
[Site "Dundee"]
[Date "2013.10.12"]
[Round "3"]
[White "Adams, David M"]
[Black "Shafi, Paul"]
[Result "1/2-1/2"]
[WhiteElo "1513"]
[BlackElo "1478"]
[PlyCount "50"]
[EventDate "2013.10.11"]
[EventType "swiss"]
[EventRounds "5"]
[EventCountry "SCO"]
[SourceTitle "EXT 2023"]
[Source "ChessBase"]
[SourceDate "2022.10.05"]
[SourceVersion "1"]
[SourceVersionDate "2022.10.05"]
[SourceQuality "1"]

1. c4 f5 2. d4 Nf6 3. Nc3 e6 4. Bf4 d5 5. e3 Bd6 6. Bxd6 Qxd6 7. Nf3 c6 8. Bd3 Nbd7 9. Qc2 Ne4 10. 0-0 0-0 11. Nd2 Ndf6 12. f3 Ng5 13. cxd5 cxd5 14. Nb5 Qc6 15. Qb3 Bd7 16. Rac1 Qb6 17. Nc3 Qxb3 18. Nxb3 b6 19. Bb5 Rac8 20. Bxd7 Nxd7 21. h4 Nf7 22. Ne2 Nd6 23. Nd2 Kf7 24. b3 h6 25. Rxc8 Rxc8 1/2-1/2

[Event "BCF-chT2c 1213 (4NCL) Promotion pool"]
[Site "England"]
[Date "2013.05.05"]
[Round "10.43"]
[White "Pleasants, Allan J"]
[Black "Adams, David M"]
[Result "0-1"]
[WhiteElo "2073"]
[BlackElo "2216"]
[PlyCount "128"]
[EventDate "2012.11.13"]
[EventType "team-tourn"]
[EventRounds "4"]
[EventCountry "ENG"]
[SourceTitle "EXT 2014"]
[Source "ChessBase"]
[SourceDate "2013.11.20"]
[SourceVersion "1"]
[SourceVersionDate "2013.11.20"]
[SourceQuality "1"]
[WhiteTeam "Wessex"]
[BlackTeam "White Rose II"]
[WhiteTeamCountry "ENG"]
[BlackTeamCountry "ENG"]

1. e4 d6 2. Nc3 Nf6 3. Nf3 e5 4. d4 Nbd7 5. Bc4 Be7 6. 0-0 0-0 7. Re1 c6 8. a4 exd4 9. Nxd4 Ne5 10. Bf1 Re8 11. h3 Qb6 12. Nb3 Qc7 13. f4 Ng6 14. a5 Bd7 15. Nd4 b5 16. axb6 axb6 17. Rxa8 Rxa8 18. f5 Ne5 19. Nf3 Ra1 20. Nxe5 dxe5 21. Qf3 b5 22. Bd2 Qa7+ 23. Kh2 Rxe1 24. Bxe1 Qa1 25. Nd1 Nxe4 26. Qxe4 Qxd1 27. Bxb5 Bxf5 28. Qxf5 cxb5 29. Bc3 f6 30. Qc8+ Qd8 31. Qc6 Qb8 32. Ba5 Bd6 33. Bb6 b4 34. Bc5 Bxc5 35. Qd5+ Kf8 36. Qxc5+ Kf7 37. Qc4+ Ke7 38. Qe4 g6 39. Qh4 h5 40. Qe4 f5 41. Qh4+ Kf7 42. Qc4+ Kg7 43. h4 Qd6 44. c3 e4+ 45. g3 e3 46. Kh3 Qe5 47. Qe2 bxc3 48. bxc3 Qxc3 49. Qb5 Qd4 50. Qb7+ Kf6 51. Qc6+ Ke5 52. Qe8+ Kd5 53. Qa8+ Kc4 54. Qa4+ Kd3 55. Qd1+ Ke4 56. Qb1+ Qd3 57. Qb7+ Kd4 58. Qg7+ Kc4 59. Qc7+ Kb3 60. Qb6+ Kc2 61. Qc6+ Kd2 62. Qxg6 e2 63. Qh6+ Kd1 64. Qxh5 f4 0-1

[Event "BCF-chT2b 1213 (4NCL)"]
[Site "England"]
[Date "2013.02.23"]
[Round "5.71"]
[White "Dargan, Paul AG"]
[Black "Adams, David M"]
[Result "0-1"]
[WhiteElo "2150"]
[BlackElo "2216"]
[PlyCount "55"]
[EventDate "2012.11.03"]
[EventType "team-tourn"]
[EventRounds "7"]
[EventCountry "ENG"]
[SourceTitle "EXT 2014"]
[Source "ChessBase"]
[SourceDate "2013.11.20"]
[SourceVersion "1"]
[SourceVersionDate "2013.11.20"]
[SourceQuality "1"]
[WhiteTeam "North East England"]
[BlackTeam "White Rose II"]
[WhiteTeamCountry "ENG"]
[BlackTeamCountry "ENG"]

1. e4 d6 2. d4 Nf6 3. Nc3 e5 4. Nf3 Nbd7 5. g4 Nxg4 6. Rg1 Ngf6 7. Bc4 h6 8. dxe5 dxe5 9. Be3 c6 10. Qd3 b5 11. Bb3 Qa5 12. 0-0-0 Ba6 13. Nd2 0-0-0 14. Bxf7 Nc5 15. Qf1 Qc7 16. Bg6 b4 17. Ne2 Kb8 18. f3 Ne6 19. Qf2 c5 20. Ng3 c4 21. Nf5 Nd4 22. Nxd4 exd4 23. Bxd4 Rxd4 24. e5 Qxe5 25. Rge1 Qc5 26. Qxd4 Qxd4 27. Ne4 Qb6 28. Nxf6 0-1

[Event "BCF-chT2a 1112 (4NCL)"]
[Site "England"]
[Date "2011.11.13"]
[Round "2.2"]
[White "Crouch, Colin S"]
[Black "Adams, David M"]
[Result "0-1"]
[WhiteElo "2374"]
[BlackElo "2217"]
[PlyCount "60"]
[EventDate "2011.11.12"]
[EventType "team-tourn"]
[EventRounds "7"]
[EventCountry "ENG"]
[SourceTitle "EXT 2013"]
[Source "ChessBase"]
[SourceDate "2012.11.22"]
[SourceVersion "1"]
[SourceVersionDate "2012.11.22"]
[SourceQuality "1"]
[WhiteTeam "Pandoras Box"]
[BlackTeam "White Rose II"]
[WhiteTeamCountry "ENG"]
[BlackTeamCountry "ENG"]

1. d4 d5 2. Nf3 Nc6 3. Bf4 e6 4. e3 Bd6 5. Bg3 Nf6 6. c4 Ne4 7. Nc3 Nxg3 8. hxg3 dxc4 9. Bxc4 Qe7 10. Qc2 h6 11. 0-0-0 Bd7 12. e4 0-0-0 13. e5 Bb4 14. d5 Na5 15. dxe6 Bxe6 16. Bxe6+ Qxe6 17. Nb5 Nc6 18. Kb1 Rxd1+ 19. Rxd1 Rd8 20. Rxd8+ Kxd8 21. a3 Ba5 22. Qc5 Qe7 23. Qe3 Bb6 24. Qf4 Bxf2 25. Qd2+ Qd7 26. Qxf2 Qd3+ 27. Qc2 Qxb5 28. Qh7 Qf1+ 29. Ka2 Qxg2 30. Qg8+ Ke7 0-1

[Event "BCF-chT2 1011 (4NCL)"]
[Site "England"]
[Date "2011.05.01"]
[Round "10.53"]
[White "Thomas, Richard Huw"]
[Black "Adams, David M"]
[Result "1/2-1/2"]
[WhiteElo "2197"]
[BlackElo "2211"]
[PlyCount "28"]
[EventDate "2010.11.06"]
[EventType "team-swiss"]
[EventRounds "11"]
[EventCountry "ENG"]
[SourceTitle "EXT 2012"]
[Source "ChessBase"]
[SourceDate "2011.11.24"]
[SourceVersion "1"]
[SourceVersionDate "2011.11.24"]
[SourceQuality "1"]
[WhiteTeam "Kings Head"]
[BlackTeam "White Rose II"]
[WhiteTeamCountry "ENG"]
[BlackTeamCountry "ENG"]

1. Nf3 d5 2. d4 Nc6 3. Bf4 Bg4 4. e3 e6 5. c4 Bd6 6. Bxd6 Qxd6 7. Nc3 Nf6 8. cxd5 exd5 9. Be2 0-0 10. 0-0 Rfe8 11. a3 a6 12. h3 Bh5 13. Re1 h6 14. Rc1 Bg6 1/2-1/2

[Event "BCF-chT1c 0910 (4NCL) Promotion pool"]
[Site "England"]
[Date "2010.05.02"]
[Round "10.7"]
[White "Berczes, David"]
[Black "Adams, David M"]
[Result "1/2-1/2"]
[WhiteElo "2510"]
[BlackElo "2217"]
[PlyCount "26"]
[EventDate "2009.10.24"]
[EventType "team-tourn"]
[EventRounds "4"]
[EventCountry "ENG"]
[SourceTitle "EXT 2011"]
[Source "ChessBase"]
[SourceDate "2010.11.26"]
[SourceVersion "1"]
[SourceVersionDate "2010.11.26"]
[SourceQuality "1"]
[WhiteTeam "Wood Green Hilsmark Kingfisher"]
[BlackTeam "White Rose"]
[WhiteTeamCountry "ENG"]
[BlackTeamCountry "ENG"]

1. Nf3 d5 2. g3 Nf6 3. Bg2 c6 4. c4 g6 5. b3 Bg7 6. Bb2 Qb6 7. Qc1 0-0 8. 0-0 Bg4 9. d4 Nbd7 10. h3 Bf5 11. Nc3 Ne4 12. Nd1 Rac8 13. Ne3 Be6 1/2-1/2

[Event "BCF-chT2a 0910 (4NCL)"]
[Site "England"]
[Date "2010.02.21"]
[Round "6.1"]
[White "Talsma, Paul"]
[Black "Adams, David M"]
[Result "1-0"]
[WhiteElo "2252"]
[BlackElo "2217"]
[PlyCount "71"]
[EventDate "2009.10.24"]
[EventType "team-tourn"]
[EventRounds "7"]
[EventCountry "ENG"]
[SourceTitle "EXT 2010"]
[Source "ChessBase"]
[SourceDate "2010.11.25"]
[SourceVersion "1"]
[SourceVersionDate "2010.11.25"]
[SourceQuality "1"]
[WhiteTeam "Anglian Avengers"]
[BlackTeam "White Rose II"]
[WhiteTeamCountry "ENG"]
[BlackTeamCountry "ENG"]

1. d4 d5 2. c4 c6 3. Nf3 Nf6 4. Nc3 dxc4 5. a4 Bf5 6. Nh4 Bd7 7. e3 b5 8. Nf3 e6 9. Ne5 Bb4 10. Qf3 0-0 11. Bd2 Nd5 12. Be2 a5 13. 0-0 Ra7 14. Qg3 Nxc3 15. bxc3 Bd6 16. f4 Be8 17. Bf3 f6 18. Ng4 Bg6 19. Nf2 e5 20. fxe5 fxe5 21. Ne4 Bxe4 22. Bxe4 Rxf1+ 23. Rxf1 Qe7 24. Qh3 g6 25. d5 c5 26. axb5 Nd7 27. Bf3 e4 28. Bg4 Ne5 29. Bc8 Bc7 30. Be1 a4 31. Qh6 Nf7 32. Rxf7 Kxf7 33. Qxh7+ Ke8 34. Qg8+ Qf8 35. Bd7+ Kxd7 36. Qe6+ 1-0

[Event "BCF-chT2a 0910 (4NCL)"]
[Site "England"]
[Date "2010.01.17"]
[Round "4.2"]
[White "Truran, Michael C"]
[Black "Adams, David M"]
[Result "1/2-1/2"]
[WhiteElo "2215"]
[BlackElo "2217"]
[PlyCount "61"]
[EventDate "2009.10.24"]
[EventType "team-tourn"]
[EventRounds "7"]
[EventCountry "ENG"]
[SourceTitle "EXT 2010"]
[Source "ChessBase"]
[SourceDate "2010.11.25"]
[SourceVersion "1"]
[SourceVersionDate "2010.11.25"]
[SourceQuality "1"]
[WhiteTeam "Brown Jack"]
[BlackTeam "White Rose II"]
[WhiteTeamCountry "ENG"]
[BlackTeamCountry "ENG"]

1. d4 d5 2. c4 c6 3. Nf3 Nf6 4. Qc2 g6 5. g3 Bf5 6. Qb3 Qb6 7. Qa4 Qa6 8. Qxa6 Nxa6 9. cxd5 Nb4 10. Na3 cxd5 11. Bd2 e6 12. Nh4 Ne4 13. Nxf5 gxf5 14. e3 Rc8 15. Bb5+ Kd8 16. f3 Nxd2 17. Kxd2 Bd6 18. Ba4 Ke7 19. Nb5 Bb8 20. Nc3 h5 21. f4 Rcg8 22. Rag1 Nc6 23. Ne2 Na5 24. Bb5 Bd6 25. Rc1 a6 26. Bd3 b5 27. Ke1 Rc8 28. Kf2 Nc4 29. b3 Nb6 30. Rxc8 Rxc8 31. Rc1 1/2-1/2

[Event "BCF-chT1c 0809 (4NCL) Promotion pool"]
[Site "England"]
[Date "2009.05.02"]
[Round "9.8"]
[White "Adams, David M"]
[Black "Tiller, Bjorn"]
[Result "1/2-1/2"]
[WhiteElo "2191"]
[BlackElo "2373"]
[PlyCount "114"]
[EventDate "2008.10.04"]
[EventType "team-tourn"]
[EventRounds "4"]
[EventCountry "ENG"]
[SourceTitle "EXT 2010"]
[Source "ChessBase"]
[SourceDate "2010.11.25"]
[SourceVersion "1"]
[SourceVersionDate "2010.11.25"]
[SourceQuality "1"]
[WhiteTeam "White Rose"]
[BlackTeam "Wood Green Hilsmark Kingfisher II"]
[WhiteTeamCountry "ENG"]
[BlackTeamCountry "ENG"]

1. e4 c5 2. c3 e6 3. d3 d5 4. Nd2 Nc6 5. Ngf3 f5 6. Be2 Nf6 7. 0-0 Bd6 8. exd5 exd5 9. d4 cxd4 10. Nxd4 Nxd4 11. cxd4 0-0 12. Nf3 Qe7 13. Re1 Ne4 14. Bd3 f4 15. Ne5 Nxf2 16. Kxf2 Qh4+ 17. Kg1 f3 18. Nxf3 Rxf3 19. Re8+ Rf8 20. Rxf8+ Bxf8 21. Bf1 Bf5 22. g3 Qf6 23. Bf4 Bd6 24. Bxd6 Qxd6 25. Qd2 Be4 26. Bg2 Re8 27. Re1 h6 28. a3 Re7 29. Re3 Kh8 30. Rc3 Qf6 31. Re3 Bxg2 32. Kxg2 Qg5 33. Re2 Qxd2 34. Rxd2 Re4 35. Kf3 b5 36. Rd3 a6 37. h3 Kh7 38. Kf2 h5 39. Kf3 Kg6 40. Rd2 Kf5 41. h4 a5 42. Rd3 b4 43. axb4 axb4 44. Rd2 Re1 45. Kf2 Re4 46. Kf3 g5 47. hxg5 Kxg5 48. Rd1 h4 49. gxh4+ Rxh4 50. Ke3 Rh2 51. Re1 Rxb2 52. Kd3 Rb3+ 53. Kd2 Kf4 54. Re5 Ra3 55. Rxd5 Ke4 56. Rb5 Rd3+ 57. Kc2 Rxd4 1/2-1/2

[Event "BCF-chT1a 0809 (4NCL)"]
[Site "England"]
[Date "2009.01.17"]
[Round "5.7"]
[White "Adams, David M"]
[Black "Meyer, Gordon"]
[Result "1-0"]
[WhiteElo "2191"]
[BlackElo "2160"]
[PlyCount "79"]
[EventDate "2008.10.04"]
[EventType "team-tourn"]
[EventRounds "7"]
[EventCountry "ENG"]
[SourceTitle "EXT 2010"]
[Source "ChessBase"]
[SourceDate "2010.11.25"]
[SourceVersion "1"]
[SourceVersionDate "2010.11.25"]
[SourceQuality "1"]
[WhiteTeam "White Rose"]
[BlackTeam "Richmond"]
[WhiteTeamCountry "ENG"]
[BlackTeamCountry "ENG"]

1. e4 c5 2. c3 d5 3. exd5 Qxd5 4. d4 cxd4 5. cxd4 Nc6 6. Nf3 e5 7. Nc3 Bb4 8. Bd2 Bxc3 9. Bxc3 e4 10. Ne5 Nxe5 11. dxe5 Ne7 12. Qa4+ Bd7 13. Qb4 a5 14. Qb6 0-0 15. Rd1 Qc6 16. Qe3 Bg4 17. Rd6 Nf5 18. Qg5 Nxd6 19. exd6 f6 20. Qxg4 b5 21. Be2 b4 22. Bd2 Qxd6 23. Qg3 Qd4 24. Qb3+ Kh8 25. Be3 Qe5 26. 0-0 h6 27. g3 a4 28. Qxb4 Rfb8 29. Qc3 Qxc3 30. bxc3 Rb2 31. Bc4 Rc8 32. Bd5 Rd8 33. Bc1 Rc2 34. Bxe4 Rxc3 35. Be3 Re8 36. Bg6 Rb8 37. Rd1 a3 38. Bf4 Rbc8 39. Bf5 Ra8 40. Be4 1-0

[Event "BCF-chT1a 0809 (4NCL)"]
[Site "England"]
[Date "2008.12.07"]
[Round "4.7"]
[White "Adams, David M"]
[Black "Churm, Rohan"]
[Result "1-0"]
[WhiteElo "2177"]
[BlackElo "2207"]
[PlyCount "107"]
[EventDate "2008.10.04"]
[EventType "team-tourn"]
[EventRounds "7"]
[EventCountry "ENG"]
[SourceTitle "CBM 127 Extra"]
[Source "ChessBase"]
[SourceDate "2009.01.08"]
[SourceVersion "2"]
[SourceVersionDate "2009.01.28"]
[SourceQuality "1"]
[WhiteTeam "White Rose"]
[BlackTeam "Cambridge"]
[WhiteTeamCountry "ENG"]
[BlackTeamCountry "ENG"]

1. e4 e6 2. d4 d5 3. Nd2 Nf6 4. e5 Nfd7 5. Bd3 c5 6. c3 Nc6 7. Ngf3 g6 8. 0-0 Bg7 9. Re1 0-0 10. Nf1 f6 11. exf6 Qxf6 12. Bg5 Qf7 13. Be3 cxd4 14. cxd4 e5 15. dxe5 Ndxe5 16. Be2 Nxf3+ 17. Bxf3 d4 18. Bxc6 bxc6 19. Bd2 Qxf2+ 20. Kh1 Rb8 21. b3 c5 22. Ng3 Bb7 23. Ne4 Bxe4 24. Rxe4 Rbe8 25. Re1 Be5 26. Bh6 Qh4 27. Rxe5 Rxe5 28. Bxf8 Kxf8 29. Qd2 Rh5 30. Rf1+ Kg7 31. h3 Qe4 32. Rf3 Re5 33. Kh2 Rf5 34. Rxf5 Qxf5 35. g3 Qf3 36. b4 Qe3 37. Qg2 cxb4 38. Qb7+ Kh6 39. Qf7 Qe2+ 40. Kh1 Qe1+ 41. Kh2 Qe2+ 42. Kh1 d3 43. Qf8+ Kh5 44. Qf4 Qd1+ 45. Kg2 Qc2+ 46. Kh1 Qb1+ 47. Kh2 Qxa2+ 48. Kg1 Qb1+ 49. Kh2 Qc2+ 50. Kg1 Qc5+ 51. Kh2 g5 52. Qf7+ Kh6 53. Qf6+ Kh5 54. g4+ 1-0